Statistics for V8 Supercars 2014 Championship Standings

Click here to take the quiz!

General Stats

  • This quiz has been taken 60 times
  • The average score is 8 of 10

Answer Stats

HintAnswer% Correct
HoldenJamie Whincup
98%
FordMark Winterbottom
94%
HoldenCraig Lowndes
92%
HoldenShane van Gisbergen
90%
FordChaz Mostert
88%
VolvoScott McLaughlin
86%
HoldenGarth Tander
82%
HoldenJames Courtney
73%
NissanMichael Caruso
73%
HoldenFabian Coulthard
65%

Score Distribution

Percentile by Number Answered

Percent of People with Each Score

Your Score History

You have not taken this quiz